000 00323nam a22001457a 4500
008 221104b ||||| |||| 00| 0 eng d
020 _a0898591570
041 _aeng
080 _a573
082 _a573 SPE
100 _a16.1
101 _aBIO
245 _aINFORMATION PROCESSING IN ANIMALS
_cSPEAR N
942 _2udc
_cBK
999 _c58740
_d58740